Normal view MARC view

Entry Personal Name

Number of records used in: 1

001 - CONTROL NUMBER

  • control field: 13304

003 - CONTROL NUMBER IDENTIFIER

  • control field: dpl

005 - DATE AND TIME OF LATEST TRANSACTION

  • control field: 20100814124603.0

008 - FIXED-LENGTH DATA ELEMENTS

  • fixed length control field: 100814|||a|||||| | ||| d

040 ## - CATALOGING SOURCE

  • Original cataloging agency: dpl
  • Transcribing agency: dpl

100 ## - HEADING--PERSONAL NAME

  • Personal name: Saleh,Sarika

670 ## - SOURCE DATA FOUND

  • Source citation: Work cat.: (dpl): Saleh,Sarika, Relish cook book for all occasions /, 2097

670 ## - SOURCE DATA FOUND

  • Source citation: Work cat.: (dpl): Saleh,Sarika, Relish cook book for all occasions /, 2097

© Delhi Public Library
Hit Counter
free hit counter